000 01170nam a2200313Ia 4500
001 ebr10342190
003 CaPaEBR
006 m u
007 cr cn|||||||||
008 090418s2009 bcc sb 001 0 eng d
020 _z9780865716391
020 _z0865716390
040 _aCaPaEBR
_cCaPaEBR
035 _a(OCoLC)646843871
050 1 4 _aGF47
_b.G74 2009eb
100 1 _aGreer, John Michael.
245 1 4 _aThe ecotechnic future
_h[electronic resource] :
_benvisioning a post-peak world /
_cJohn Michael Greer.
260 _aGabriola Island, BC :
_bNew Society Publishers,
_cc2009.
300 _axv, 271 p.
504 _aIncludes bibliographical references and index.
533 _aElectronic reproduction.
_bPalo Alto, Calif. :
_cebrary,
_d2010.
_nAvailable via World Wide Web.
_nAccess may be limited to ebrary affiliated libraries.
650 0 _aHuman ecology.
650 0 _aForecasting.
650 0 _aEcology.
650 0 _aSocial change.
655 7 _aElectronic books.
_2local
710 2 _aebrary, Inc.
856 4 0 _uhttp://site.ebrary.com/lib/rucke/Doc?id=10342190
_zAn electronic book accessible through the World Wide Web; click to view
999 _c46303
_d46303